| 000 | 00740nam a2200193 a 4500 | ||
|---|---|---|---|
| 001 | BRCA_462 | ||
| 005 | 20190320203024.0 | ||
| 008 | 020805s1981----gw-a---###---#000-0#spa-d | ||
| 050 | 4 |
_aNE400 _b.M39 1981 |
|
| 100 | 1 |
_aMax Kober, Karl _91590 |
|
| 245 | 1 | 0 |
_aEl grabado a través del tiempo _bun libro de arte para lectores jóvenes _cKarl Max Kober. |
| 260 |
_aAlemania _bGente Nueva _c1981 |
||
| 300 |
_a79 p. _bil. (algunas a color) _c23 cm. |
||
| 500 | _aContiene información de un libro de la colección Franz Mayer : Hartmann Schedel. Crónica mundial [Crónica de Nuremberg] (pp. 14-15) | ||
| 500 | _aIncluye índice de ilustraciones | ||
| 650 | 1 | 4 |
_aGrabado _xHistoria _91591 |
| 650 | 1 | 4 |
_aArtes gráficas _xHistoria _91592 |
| 942 |
_2lcc _cB |
||
| 999 |
_c397 _d397 |
||